| 000 | 00497nam a2200193Ia 4500 | ||
|---|---|---|---|
| 008 | 170918s9999 xx 000 0 und d | ||
| 020 | _a9780590453157 | ||
| 050 | _bH521mi 1947 | ||
| 100 | _aHenry, Marguerite | ||
| 245 | _aMisty of Chincoteague / | ||
| 245 | _cby Marguerite Henry ; inside illustrations by Wesley Dennis. | ||
| 260 | _aNew York : | ||
| 260 | _bScholastic, | ||
| 260 | _c1947 | ||
| 300 | _a157 pages : | ||
| 300 | _billustrations ; | ||
| 300 | _c19cm. | ||
| 500 | _a750 | ||
| 999 |
_c344189 _d344189 |
||